<?xml version="1.0" encoding="UTF-8"?>
<record
    xmlns:xsi="http://www.w3.org/2001/XMLSchema-instance"
    xsi:schemaLocation="http://www.loc.gov/MARC21/slim http://www.loc.gov/standards/marcxml/schema/MARC21slim.xsd"
    xmlns="http://www.loc.gov/MARC21/slim">

  <leader>00811nam a22001577a 4500</leader>
  <controlfield tag="008">150612b        xxu||||| |||| 00| 0 eng d</controlfield>
  <datafield tag="020" ind1=" " ind2=" ">
    <subfield code="a">3822858412</subfield>
  </datafield>
  <datafield tag="082" ind1=" " ind2=" ">
    <subfield code="a">709.2</subfield>
    <subfield code="b">B397c</subfield>
  </datafield>
  <datafield tag="100" ind1=" " ind2=" ">
    <subfield code="a">Ulrike Becks-Malorny</subfield>
    <subfield code="9">3098</subfield>
  </datafield>
  <datafield tag="245" ind1=" " ind2=" ">
    <subfield code="a">Paul Cezanne, 1839-1906 : precursor de la modernidad</subfield>
    <subfield code="c">Ulrike Becks-Malorny</subfield>
  </datafield>
  <datafield tag="260" ind1=" " ind2=" ">
    <subfield code="a">K&#xF6;ln</subfield>
    <subfield code="b">Benedikt Taschen</subfield>
    <subfield code="c">1995</subfield>
  </datafield>
  <datafield tag="300" ind1=" " ind2=" ">
    <subfield code="a">95 p.</subfield>
    <subfield code="b">ill. (col)</subfield>
    <subfield code="c">23 cm</subfield>
  </datafield>
  <datafield tag="505" ind1=" " ind2=" ">
    <subfield code="t">"Como surge un pintor"</subfield>
    <subfield code="t">Cezanne y el impresionismo</subfield>
    <subfield code="t">"Armonia paralela a la naturleza"</subfield>
    <subfield code="t">"Quiero impresionar a Paris con una manzana"-naturalezas muertas</subfield>
    <subfield code="t">El pintor y su monta&#xF1;a-la monta&#xF1;a Sainte-Victoire</subfield>
    <subfield code="t">Ba&#xF1;istas- el tema pictorico de los ultimos a&#xF1;os</subfield>
    <subfield code="t">Paul Cezanne-Vida y Obra</subfield>
  </datafield>
  <datafield tag="600" ind1=" " ind2=" ">
    <subfield code="a"> Cezanne, Paul</subfield>
    <subfield code="d">1839-1906</subfield>
    <subfield code="9">3099</subfield>
  </datafield>
  <datafield tag="650" ind1=" " ind2=" ">
    <subfield code="x">Pintores-Francia-Biografia</subfield>
    <subfield code="x">Post-impresionismo (arte)-Francia</subfield>
    <subfield code="9">3100</subfield>
  </datafield>
  <datafield tag="999" ind1=" " ind2=" ">
    <subfield code="c">689</subfield>
    <subfield code="d">689</subfield>
  </datafield>
  <datafield tag="952" ind1=" " ind2=" ">
    <subfield code="0">0</subfield>
    <subfield code="1">0</subfield>
    <subfield code="2">ddc</subfield>
    <subfield code="4">0</subfield>
    <subfield code="7">0</subfield>
    <subfield code="a">LV</subfield>
    <subfield code="b">LV</subfield>
    <subfield code="c">Monograf&#xED;as</subfield>
    <subfield code="d">2015-06-12</subfield>
    <subfield code="l">0</subfield>
    <subfield code="o">709.2 B 397c</subfield>
    <subfield code="p">000642</subfield>
    <subfield code="r">2015-06-12 00:00:00</subfield>
    <subfield code="w">2015-06-12</subfield>
    <subfield code="y">01</subfield>
  </datafield>
</record>
